[Event "Hradec Kralove Region-chT 0506"]
[Site "Czech Republic"]
[Date "2005.11.13"]
[Round "2.5"]
[White "Mareckova, Martina"]
[Black "Turcin, Jan"]
[Result "1/2-1/2"]
[WhiteElo "1821"]
[BlackElo "1902"]
[PlyCount "87"]
[EventDate "2005.10.23"]
[EventType "team-tourn"]
[EventRounds "11"]
[EventCountry "CZE"]
[SourceTitle "EXT 2024"]
[Source "ChessBase"]
[SourceDate "2023.10.10"]
[SourceVersion "1"]
[SourceVersionDate "2023.10.10"]
[SourceQuality "1"]
[WhiteTeam "Rychnov nad Kneznou"]
[BlackTeam "Jicin"]
[WhiteTeamCountry "CZE"]
[BlackTeamCountry "CZE"]

1. e4 c5 2. Ne2 Nc6 3. Nbc3 e6 4. d4 cxd4 5. Nxd4 Nf6 6. a3 a6 7. g3 g6 8. Bg2 Bg7 9. 0-0 Nxe4 10. Nxc6 Nxc3 11. Nxd8 Nxd1 12. Nxe6 fxe6 13. Rxd1 0-0 14. c3 d5 15. Be3 b5 16. Bd4 Bb7 17. f4 Rfe8 18. Bxg7 Kxg7 19. Re1 Rad8 20. Re5 Kf7 21. Kf2 Rd6 22. Rd1 Re7 23. h4 Rc7 24. h5 Bc8 25. Rh1 Kg7 26. Rd1 Rf7 27. Ke3 Re7 28. Rg5 Rd8 29. hxg6 hxg6 30. Be4 Rg8 31. Rxg6+ Kf7 32. Rxg8 Kxg8 33. Bf3 Kg7 34. Rd4 Kf6 35. g4 Rh7 36. Rd2 Rh3 37. g5+ Kf5 38. Rg2 e5 39. fxe5 Kxe5 40. Ke2 d4 41. cxd4+ Kxd4 42. g6 Be6 43. g7 Bg8 44. Kf2 1/2-1/2